00835cam a22002531 4500001001300000003000400013005001700017008004100034010001700075035002000092040004400112042001200156050001800168110003300186245008100219260001900300300001800319500004000337500006600377650004800443650004700491710002600538999001700564l 66000282 DLC20260227111549.0840515s1964 sw 000 0 eng c al 66000282  a(OCoLC)10733045 aU.S. Dept. of Labor. LibrarycNBuUdDLC apremarc00aLC1047.N4bI52 aInternational Labour Office.10aReport to the Government of the Netherlands Antilles on vocational training. aGeneva,c1964. a16 p.c30 cm. a"ILO/TAP/Netherlands Antilles/R.1." aAt head of title: Expanded programme of technical assistance. 0aVocational educationzNetherlands Antilles. 0aTechnical educationzNetherlands Antilles.1 aNetherlands Antilles. c37282d37282